00530nam a22001937a 450000500170000001000130001702000230003003500130005303700160006604000120008208200170009410000180011124500570012926000370018627000600022330000310028365000110031465000110032520170124110048.0 aA-944250 c295.00a8186190376 aA-944250 bCen Lib/Ret aDPLbEN a796.068bTHA aThani, Lokesh aPlaying field measurement manual /cby Lokesh Thani  aDelhibSports Publication c1996 a474, 1st Floor, shiv Market, Ashok ViharbDelhie110052 avarious pagings c22cm(Hb) aSports aGames